[Event "22nd ch-EUR Indiv 2022"]
[Site "Terme Catez SLO"]
[Date "2022.04.05"]
[Round "10.29"]
[White "Noe, Christopher"]
[Black "Bartel, Mateusz"]
[Result "0-1"]
[WhiteTitle "IM"]
[BlackTitle "GM"]
[WhiteElo "2515"]
[BlackElo "2616"]
[WhiteFideId "24692018"]
[BlackFideId "1112635"]
[EventDate "2022.03.27"]

1. d4 d5 2. c4 e6 3. Nc3 Nf6 4. Nf3 Nbd7 5. cxd5 exd5 6. Bf4 Nb6 7. e3 Bd6 8.
Ne5 Qe7 9. Be2 Nbd7 10. Nxd7 Bxd7 11. Bxd6 Qxd6 12. Qb3 Rb8 13. Bf3 c6 14. h3
Bf5 15. O-O O-O 16. Rfc1 Rfe8 17. Qd1 g6 18. a3 h5 19. Be2 h4 20. Bd3 Bd7 21.
Qf3 Nh5 22. b4 f5 23. b5 Nf6 24. bxc6 bxc6 25. Na4 Ne4 26. Bxe4 fxe4 27. Qe2 Re7
28. Rab1 Rf8 29. Rb7 Ref7 30. Rf1 Bg4 31. Qxg4 Rxb7 32. Qxh4 Rf5 33. Qg4 Rb3 34.
Nc5 Rxa3 35. Qe2 Rf7 36. Qg4 Qf6 37. Qg3 Kh7 38. h4 Ra2 39. f4 exf3 40. Rxf3 Qe7
41. Rxf7+ Qxf7 42. Nd3 Ra1+ 43. Kh2 Rb1 44. Qd6 Rb7 45. Ne5 Qe8 46. g4 Kg7 47.
g5 Re7 48. Kg3 Re6 49. Qc7+ Qe7 50. Qb8 c5 51. Qb2 Qc7 52. Kf4 cxd4 53. exd4 Rb6
54. Qa3 Rb1 55. Kg3 Rc1 56. Qa6 Rc3+ 57. Kf4 Qb6 58. Qa4 Rc7 59. h5 gxh5 60. Kf5
Qb1+ 61. Ke6 Qb7 62. Kd6 Rc8 63. Ke6 Rd8 64. Kf5 Qc8+ 65. Kf4 Rf8+ 66. Kg3 Qc3+
67. Kg2 Qd2+ 68. Kh3 Qe3+ 0-1

[Event "22nd ch-EUR Indiv 2022"]
[Site "Terme Catez SLO"]
[Date "2022.04.05"]
[Round "10.30"]
[White "Brkic, Ante"]
[Black "Druska, Juraj"]
[Result "1-0"]
[WhiteTitle "GM"]
[BlackTitle "IM"]
[WhiteElo "2607"]
[BlackElo "2503"]
[WhiteFideId "14506688"]
[BlackFideId "14915650"]
[EventDate "2022.03.27"]

1. e4 c5 2. Nf3 e6 3. d4 cxd4 4. Nxd4 Nc6 5. Nc3 Nf6 6. Nxc6 bxc6 7. e5 Nd5 8.
Ne4 Bb7 9. Be2 c5 10. O-O Qc7 11. Nd6+ Bxd6 12. exd6 Qc6 13. f3 c4 14. Qd4 O-O
15. Bxc4 Rfc8 16. b3 Qxd6 17. Rf2 Qb6 18. Qxb6 Nxb6 19. Bf1 d5 20. Bb2 a5 21. g4
a4 22. Bd4 Nd7 23. Re1 Nb8 24. f4 Nc6 25. Bc5 axb3 26. axb3 Ra2 27. b4 Rb2 28.
c3 Rb3 29. b5 Ne5 30. Bd4 Nc4 31. f5 Re8 32. fxe6 Rxe6 33. Rxe6 fxe6 34. Bc5 h5
35. Rf8+ Kh7 36. Bd3+ g6 37. Rf7+ Kg8 38. Rxb7 Rxc3 39. Bxg6 Ne5 40. Bh7+ 1-0

[Event "22nd ch-EUR Indiv 2022"]
[Site "Terme Catez SLO"]
[Date "2022.04.05"]
[Round "10.31"]
[White "Gavrilescu, David"]
[Black "Bjerre, Jonas Buhl"]
[Result "1/2-1/2"]
[WhiteTitle "IM"]
[BlackTitle "GM"]
[WhiteElo "2512"]
[BlackElo "2601"]
[WhiteFideId "1227190"]
[BlackFideId "1444948"]
[EventDate "2022.03.27"]

1. e4 c5 2. Nf3 d6 3. Bb5+ Bd7 4. c4 Nf6 5. Nc3 g6 6. d4 cxd4 7. Nxd4 Bg7 8. O-O
Nc6 9. Bxc6 bxc6 10. c5 O-O 11. h3 Qb8 12. Re1 Rd8 13. cxd6 exd6 14. Qf3 d5 15.
exd5 Nxd5 16. Nxd5 cxd5 17. Nb3 Bf5 18. Bf4 Qb6 19. Be5 Bxe5 20. Rxe5 d4 21. Rd1
Rac8 22. Rd5 Rxd5 23. Qxd5 d3 24. g4 Rc2 25. Qd4 Be4 26. Qxb6 axb6 27. Rd2 h5
28. f4 h4 29. Kf2 Kf8 30. Ke3 f5 31. gxf5 Bxf5 32. Nd4 Rxd2 33. Kxd2 Bxh3 34.
Nf3 Bg2 35. Nxh4 Be4 36. Ke3 1/2-1/2

[Event "22nd ch-EUR Indiv 2022"]
[Site "Terme Catez SLO"]
[Date "2022.04.05"]
[Round "10.32"]
[White "Sebenik, Matej"]
[Black "Basso, Pier Luigi"]
[Result "1/2-1/2"]
[WhiteTitle "GM"]
[BlackTitle "GM"]
[WhiteElo "2510"]
[BlackElo "2600"]
[WhiteFideId "14602296"]
[BlackFideId "866970"]
[EventDate "2022.03.27"]

1. d4 Nf6 2. c4 c5 3. d5 a6 4. g3 b5 5. Bg2 d6 6. e4 g6 7. a4 bxc4 8. Ne2 Bg7 9.
Na3 a5 10. Nxc4 Nbd7 11. Bd2 Ng4 12. O-O Nge5 13. Bc3 O-O 14. Nxe5 Bxe5 15. Qd2
Bxc3 16. bxc3 Ne5 17. Nf4 Ba6 18. Rfb1 Qd7 19. Qd1 Rfb8 20. Bf1 Rxb1 21. Rxb1
Bxf1 22. Kxf1 g5 23. Nd3 Qh3+ 24. Ke1 Ng4 25. c4 Nxh2 26. Kd2 Qg2 27. Qh5 f6 28.
Rb7 Qh1 29. Kc3 Qa1+ 30. Kd2 Qh1 31. Kc3 Qa1+ 32. Kd2 Qh1 33. Kc3 Qa1+ 1/2-1/2

[Event "22nd ch-EUR Indiv 2022"]
[Site "Terme Catez SLO"]
[Date "2022.04.05"]
[Round "10.33"]
[White "Brunello, Sabino"]
[Black "Santos Ruiz, Miguel"]
[Result "1/2-1/2"]
[WhiteTitle "GM"]
[BlackTitle "GM"]
[WhiteElo "2508"]
[BlackElo "2597"]
[WhiteFideId "813613"]
[BlackFideId "22291482"]
[EventDate "2022.03.27"]

1. d4 Nf6 2. c4 e6 3. Nc3 Bb4 4. e3 O-O 5. Bd3 d5 6. a3 Bxc3+ 7. bxc3 dxc4 8.
Bxc4 c5 9. Ne2 Qc7 10. Ba2 b6 11. O-O Ba6 12. Bb2 Rd8 13. Re1 Nc6 14. Rc1 Na5
15. Ng3 Bc4 16. Bb1 Nb3 17. Rc2 e5 18. f4 exf4 19. exf4 Qxf4 20. Rf2 Qg4 21. Qc2
cxd4 22. cxd4 Nxd4 23. Qc3 b5 24. Rxf6 gxf6 25. h3 Qf4 26. Kh1 Re8 27. Nh5 Rxe1+
28. Qxe1 Nf3 29. Bxh7+ Kh8 30. gxf3 Qxf3+ 31. Kh2 Kxh7 32. Nxf6+ Kg6 33. Qg1+
Kf5 34. Qc5+ Kg6 35. Qg1+ Kf5 36. Qc5+ Kg6 37. Qg1+ 1/2-1/2

[Event "22nd ch-EUR Indiv 2022"]
[Site "Terme Catez SLO"]
[Date "2022.04.05"]
[Round "10.34"]
[White "Iturrizaga Bonelli, Eduardo"]
[Black "Wieczorek, Oskar"]
[Result "1-0"]
[WhiteTitle "GM"]
[BlackTitle "GM"]
[WhiteElo "2594"]
[BlackElo "2500"]
[WhiteFideId "3901211"]
[BlackFideId "1133950"]
[EventDate "2022.03.27"]

1. c4 c5 2. Nf3 Nc6 3. g3 g6 4. Bg2 Bg7 5. Nc3 e5 6. O-O Nge7 7. Ne1 d6 8. Nc2
h5 9. h4 O-O 10. d3 Rb8 11. Ne3 Nd4 12. a4 Bh6 13. Rb1 Kg7 14. Bd2 f5 15. f4
exf4 16. gxf4 Ng8 17. Be1 Nf6 18. Ned5 Ng4 19. b4 Re8 20. Qd2 Kh7 21. Bg3 Bg7
22. bxc5 dxc5 23. e4 Bd7 24. e5 Qa5 25. Rb2 a6 26. Nb6 Bc6 27. Ncd5 Qxd2 28.
Rxd2 Red8 29. Rb2 Bf8 30. Be1 Kg7 31. Bc3 Ne6 32. Bf3 Kf7 33. Kg2 Bh6 34. Kg3
Kg7 35. Be2 Kf7 36. a5 Kg7 37. Rfb1 Kf7 38. Bd2 Nd4 39. Bd1 Ne6 40. Be2 Kf8 41.
Bd1 Ke8 42. Bc1 Kf8 43. Ra2 Kf7 44. Bf3 Nd4 45. Bg2 Bf8 46. Ba3 Ne6 47. Re1 Kg8
48. Bc1 Kf7 49. Bd2 Be7 50. Rb1 Nd4 51. Bc3 Ne6 52. Re1 Bf8 53. Bb2 Be7 54. Bf3
Bf8 55. Ra3 Bh6 56. Bg2 Re8 57. Bc1 Rbd8 58. Ra2 Bf8 59. Na4 Rd7 60. Nac3 Red8
61. Bd2 Nh6 62. Rb2 Ng8 63. Be3 Ne7 64. Bf3 Ng8 65. Ne2 Nh6 66. d4 Ng4 67. Bg1
Re8 68. Bxg4 fxg4 69. Nf6 Rxd4 70. Nxd4 cxd4 71. Nxe8 Kxe8 72. Rd1 Ng7 73. Rdb1
Nf5+ 74. Kf2 d3 75. Ke1 Nxh4 76. Kd2 Nf3+ 77. Kxd3 h4 78. Rb6 h3 79. Rxc6 bxc6
80. Bf2 h2 81. Rh1 Bb4 82. Bg3 Be1 83. Bxh2 g3 84. Ke2 g2 85. Rxe1 1-0

[Event "22nd ch-EUR Indiv 2022"]
[Site "Terme Catez SLO"]
[Date "2022.04.05"]
[Round "10.35"]
[White "Baklan, Vladimir"]
[Black "Maurizzi, Marc'Andria"]
[Result "1-0"]
[WhiteTitle "GM"]
[BlackTitle "GM"]
[WhiteElo "2591"]
[BlackElo "2493"]
[WhiteFideId "14102196"]
[BlackFideId "36083534"]
[EventDate "2022.03.27"]

1. e4 e5 2. Nf3 Nf6 3. d4 Nxe4 4. Bd3 Nc6 5. Nxe5 Nxe5 6. dxe5 Nc5 7. Bc4 d6 8.
Qf3 Ne6 9. exd6 Bxd6 10. Be3 Be5 11. c3 O-O 12. Nd2 c6 13. O-O-O Qc7 14. Rhe1
Bd7 15. Ne4 b5 16. Bb3 a5 17. Bc2 Rfe8 18. Qh5 g6 19. Qh4 f5 20. Nf6+ Bxf6 21.
Qxf6 Rf8 22. Qh4 Rf7 23. Bd4 Nxd4 24. Qxd4 c5 25. Qd6 Rc8 26. Re5 Qxd6 27. Rxd6
Kf8 28. a4 bxa4 29. Ra6 Re8 30. Rxe8+ Bxe8 31. Ra8 Re7 32. Bxa4 Kf7 33. Bb3+ Kf6
34. Rxa5 Re2 35. Rxc5 Rxf2 36. Bd5 Bf7 37. Rc6+ Ke7 38. Rc7+ Kd6 39. Rxf7 Kxd5
40. Rd7+ Ke4 41. b4 Rxg2 42. b5 f4 43. b6 Rg5 44. b7 Rb5 45. Rd4+ Ke3 46. Rb4 f3
47. Rxb5 f2 48. b8=Q f1=Q+ 49. Kb2 1-0

[Event "22nd ch-EUR Indiv 2022"]
[Site "Terme Catez SLO"]
[Date "2022.04.05"]
[Round "10.36"]
[White "Saraci, Nderim"]
[Black "Kantor, Gergely"]
[Result "1-0"]
[WhiteTitle "IM"]
[BlackTitle "GM"]
[WhiteElo "2488"]
[BlackElo "2587"]
[WhiteFideId "6351921"]
[BlackFideId "751499"]
[EventDate "2022.03.27"]

1. Nf3 c5 2. e4 d6 3. d4 cxd4 4. Nxd4 Nf6 5. Nc3 a6 6. Bg5 e6 7. f4 Nbd7 8. Qf3
Qc7 9. O-O-O Rb8 10. g4 b5 11. Bh3 b4 12. Nd5 exd5 13. exd5 Bb7 14. Rhe1+ Kd8
15. Qe2 Qc5 16. Bh4 Kc7 17. Bf2 Qxd5 18. g5 Re8 19. Be3 Qxa2 20. gxf6 Nxf6 21.
Nb3 d5 22. Qd3 Re4 23. Bd4 Bd6 24. Be5 Rd8 25. Bf5 Bxe5 26. fxe5 Rxe1 27. Rxe1
Ne4 28. Rf1 Qa4 29. Bxe4 dxe4 30. Rxf7+ Kc8 31. Qh3+ Kb8 32. Rxb7+ Ka8 33. Qe3
Kxb7 34. Nc5+ 1-0

[Event "22nd ch-EUR Indiv 2022"]
[Site "Terme Catez SLO"]
[Date "2022.04.05"]
[Round "10.37"]
[White "Kadric, Denis"]
[Black "Ahmadzada, Ahmad"]
[Result "0-1"]
[WhiteTitle "GM"]
[BlackTitle "IM"]
[WhiteElo "2573"]
[BlackElo "2480"]
[WhiteFideId "14403803"]
[BlackFideId "13413007"]
[EventDate "2022.03.27"]

1. e4 e5 2. Nf3 Nc6 3. Bc4 Bc5 4. O-O Nf6 5. d3 d6 6. c3 a6 7. Bb3 Ba7 8. Re1 h6
9. Nbd2 g5 10. Nf1 g4 11. N3d2 h5 12. Nc4 h4 13. Be3 Nh5 14. Bxa7 Rxa7 15. Nce3
Qg5 16. Nd5 g3 17. fxg3 hxg3 18. hxg3 f5 19. Nxc7+ Kd8 20. Ne6+ Bxe6 21. Bxe6 f4
22. Qg4 Qf6 23. Qf5 Qh6 24. Qh3 Qf8 25. Qh4+ Nf6 0-1

[Event "22nd ch-EUR Indiv 2022"]
[Site "Terme Catez SLO"]
[Date "2022.04.05"]
[Round "10.38"]
[White "Ioannidis, Evgenios"]
[Black "Van Foreest, Lucas"]
[Result "0-1"]
[WhiteTitle "IM"]
[BlackTitle "GM"]
[WhiteElo "2481"]
[BlackElo "2572"]
[WhiteFideId "4229274"]
[BlackFideId "1039792"]
[EventDate "2022.03.27"]

1. d4 Nf6 2. c4 c6 3. Nc3 d5 4. Nf3 dxc4 5. a4 Bf5 6. e3 e6 7. Bxc4 Bb4 8. O-O
O-O 9. Qe2 Bg6 10. Ne5 Nbd7 11. Nxg6 hxg6 12. Rd1 Qc7 13. Bd2 a5 14. e4 e5 15.
d5 Bc5 16. Be3 Qb6 17. Rd3 Bxe3 18. Rxe3 Nc5 19. b3 Rad8 20. g3 g5 21. Rf3 cxd5
22. exd5 e4 23. Rf5 Qb4 24. Na2 Qa3 25. Rb1 e3 26. fxe3 Nce4 27. Rbf1 Rd6 28.
Nc1 Qc5 29. Nd3 Qb6 30. Nf2 Nxf2 31. Qxf2 Ng4 32. Qe2 Nxe3 33. Qf2 Nxf1 34. Qxb6
Rxb6 35. Rxf1 Rd6 36. Re1 Rfd8 37. Kg2 Kf8 38. Re5 f6 0-1

[Event "22nd ch-EUR Indiv 2022"]
[Site "Terme Catez SLO"]
[Date "2022.04.05"]
[Round "10.39"]
[White "Meshkovs, Nikita"]
[Black "Petkov, Momchil"]
[Result "1/2-1/2"]
[WhiteTitle "GM"]
[BlackTitle "IM"]
[WhiteElo "2561"]
[BlackElo "2465"]
[WhiteFideId "11602740"]
[BlackFideId "2921642"]
[EventDate "2022.03.27"]

1. d4 Nf6 2. c4 e6 3. Nc3 Bb4 4. e3 O-O 5. Bd3 d5 6. cxd5 exd5 7. Ne2 Re8 8. Bd2
Bf8 9. Rc1 a5 10. O-O b6 11. Nf4 c6 12. Re1 Ba6 13. Bb1 b5 14. Nce2 Bb7 15. Ng3
Nbd7 16. Qf3 c5 17. dxc5 Nxc5 18. Nf5 Nfe4 19. Red1 Qf6 20. Nd4 b4 21. Nd3 Ne6
22. Qxf6 Nxf6 23. Nxe6 fxe6 24. Nc5 Bc8 25. f3 Nd7 26. Nxd7 Bxd7 27. e4 Bd6 28.
Be3 Be5 29. Bd4 Bf4 30. Rc5 Bd6 31. Rc2 Rac8 32. exd5 exd5 33. Kf2 Rxc2+ 34.
Bxc2 Bb5 35. Bd3 Bxd3 36. Rxd3 Rc8 37. Rd2 Kf7 38. b3 g6 39. g3 Bc5 40. Ke3 Ke6
41. Re2 Kd6 42. Bxc5+ Rxc5 43. Kd2 Rc3 44. f4 Rf3 45. Re3 Rf2+ 46. Re2 Rf3 47.
Re3 Rf2+ 48. Re2 Rf3 1/2-1/2

[Event "22nd ch-EUR Indiv 2022"]
[Site "Terme Catez SLO"]
[Date "2022.04.05"]
[Round "10.40"]
[White "Gokerkan, Cem Kaan"]
[Black "Dragnev, Valentin"]
[Result "1-0"]
[WhiteTitle "IM"]
[BlackTitle "GM"]
[WhiteElo "2445"]
[BlackElo "2546"]
[WhiteFideId "6336760"]
[BlackFideId "1634852"]
[EventDate "2022.03.27"]

1. e4 e5 2. Nc3 Nf6 3. g3 Bc5 4. Bg2 O-O 5. Nge2 c6 6. O-O d5 7. d3 h6 8. h3 Be6
9. d4 exd4 10. Na4 Be7 11. Nxd4 Bd7 12. exd5 cxd5 13. c4 Qc8 14. cxd5 Bxh3 15.
Qf3 Bg4 16. Qb3 Bh3 17. Rd1 Bxg2 18. Kxg2 Rd8 19. Nb5 Na6 20. Bf4 Qf5 21. d6 Bf8
22. Rd4 b6 23. Re1 Nc5 24. Nxc5 bxc5 25. Rdd1 Rab8 26. Qc4 Qd7 27. Nc3 Qc6+ 28.
Ne4 Nxe4 29. Qxe4 Qxe4+ 30. Rxe4 Rd7 31. Rc4 Rxb2 32. Rxc5 Rb8 33. Rc7 Rbd8 34.
Rdc1 g5 35. Be5 Bg7 36. Rxd7 Rxd7 37. Rc8+ Bf8 38. Bf6 Rxd6 39. Be7 Ra6 40. Bxf8 1-0

[Event "22nd ch-EUR Indiv 2022"]
[Site "Terme Catez SLO"]
[Date "2022.04.05"]
[Round "10.41"]
[White "Ben Ari, Yannay"]
[Black "Dardha, Daniel"]
[Result "1/2-1/2"]
[WhiteTitle "FM"]
[BlackTitle "GM"]
[WhiteElo "2417"]
[BlackElo "2540"]
[WhiteFideId "2815222"]
[BlackFideId "240990"]
[EventDate "2022.03.27"]

1. d4 Nf6 2. c4 e6 3. Nc3 Bb4 4. e3 b6 5. Ne2 Bb7 6. a3 Be7 7. d5 O-O 8. e4 exd5
9. exd5 Re8 10. g3 c5 11. Bg2 d6 12. O-O Na6 13. Bf4 Nc7 14. b4 Nd7 15. Ne4 Nf6
16. N4c3 Bf8 17. Re1 Bc8 18. h3 Nd7 19. Qb3 Ne5 20. Rad1 Bd7 21. Nc1 Rb8 22. b5
Qf6 23. Re3 Ng6 24. Rxe8 Nxe8 25. Bd2 Qd8 26. a4 Qc8 27. Kh2 h5 28. Re1 Nf6 29.
N3e2 Be7 30. Nf4 Ne5 31. Ncd3 Bf5 32. Nxe5 dxe5 33. Rxe5 Bd6 34. Re1 Qd7 35. Bc3
Re8 36. Qd1 Ne4 37. Qxh5 Bf8 38. Bb2 Nxg3 39. Qd1 Ne4 40. Kg1 Nd6 41. Bf1 Qd8
42. Rxe8 Qxe8 43. Nh5 Bg6 44. Ng3 Qe7 1/2-1/2

[Event "22nd ch-EUR Indiv 2022"]
[Site "Terme Catez SLO"]
[Date "2022.04.05"]
[Round "10.42"]
[White "Lodici, Lorenzo"]
[Black "Davtyan, Artur"]
[Result "1-0"]
[WhiteTitle "GM"]
[BlackTitle "IM"]
[WhiteElo "2537"]
[BlackElo "2460"]
[WhiteFideId "884189"]
[BlackFideId "13308327"]
[EventDate "2022.03.27"]

1. e4 e5 2. Nf3 Nc6 3. d4 exd4 4. Nxd4 Qf6 5. Nb3 Qg6 6. f3 Bd6 7. Nc3 Nge7 8.
g4 h6 9. Be3 Qf6 10. Be2 Bf4 11. Qd2 Qh4+ 12. Kd1 Bxe3 13. Qxe3 a6 14. Kd2 d6
15. Rad1 Be6 16. Kc1 O-O-O 17. h3 Rhe8 18. Nd4 d5 19. f4 Nxd4 20. Qxd4 dxe4 21.
Qxg7 Qf2 22. f5 Qe3+ 23. Kb1 Bd5 24. f6 Nc6 25. Rxd5 Ne5 26. Rxd8+ Rxd8 27. Qh7
Nf3 28. Qf5+ Kb8 29. Bxf3 exf3 30. Rf1 Re8 31. a3 1-0

[Event "22nd ch-EUR Indiv 2022"]
[Site "Terme Catez SLO"]
[Date "2022.04.05"]
[Round "10.43"]
[White "Aizenberg, Benny"]
[Black "Muradli, Mahammad"]
[Result "0-1"]
[WhiteTitle "FM"]
[BlackTitle "IM"]
[WhiteElo "2297"]
[BlackElo "2537"]
[WhiteFideId "2821125"]
[BlackFideId "13409301"]
[EventDate "2022.03.27"]

1. e4 c5 2. Nf3 d6 3. d4 cxd4 4. Nxd4 Nf6 5. Nc3 Nc6 6. Bg5 e6 7. Qd3 Bd7 8.
O-O-O a6 9. f4 Be7 10. Nf3 Rc8 11. a3 O-O 12. Kb1 Qa5 13. Nd2 b5 14. Qh3 b4 15.
Nc4 Qc7 16. axb4 Nxb4 17. Bxf6 Bxf6 18. Rxd6 Be7 19. Rd2 Bb5 20. b3 Bxc4 21.
Bxc4 Qa5 22. Kb2 Rxc4 23. Ra1 Qb6 24. Na4 Qb5 25. bxc4 Nd3+ 26. Kc3 Qb4+ 27.
Kxd3 Rd8+ 28. Ke2 Rxd2+ 29. Kf3 Qxc4 30. Kg3 Qxe4 31. Nc3 Qe3+ 32. Kg4 f5+ 33.
Kh5 g6+ 0-1

[Event "22nd ch-EUR Indiv 2022"]
[Site "Terme Catez SLO"]
[Date "2022.04.05"]
[Round "10.44"]
[White "Suleymanli, Aydin"]
[Black "Parkhov, Yair"]
[Result "1-0"]
[WhiteTitle "GM"]
[BlackTitle "IM"]
[WhiteElo "2525"]
[BlackElo "2450"]
[WhiteFideId "13413937"]
[BlackFideId "2813408"]
[EventDate "2022.03.27"]

1. d4 d5 2. c4 dxc4 3. e3 Nf6 4. Bxc4 c5 5. Nf3 e6 6. O-O Nc6 7. Qe2 a6 8. a4
Be7 9. Rd1 O-O 10. Nc3 Qc7 11. d5 exd5 12. Bxd5 Nb4 13. Bc4 Bg4 14. b3 Rad8 15.
Bb2 Qc6 16. Rxd8 Bxd8 17. h3 Bxf3 18. gxf3 Bc7 19. f4 Re8 20. Qf1 Rd8 21. Rd1
Kf8 22. Rxd8+ Bxd8 23. Qd1 Qd7 24. Qxd7 Nxd7 25. Ne4 Be7 26. Ng5 Bxg5 27. fxg5
Nc6 28. Bd5 Nb6 29. Bxc6 bxc6 30. Ba3 Nd7 31. Kf1 Ke8 32. Ke2 Ke7 33. f4 f5 34.
gxf6+ gxf6 35. f5 Kd6 36. e4 Ne5 37. Bb2 c4 38. bxc4 Nd7 39. Bd4 c5 40. Bc3 Ke7
41. a5 Nb8 42. e5 fxe5 43. Bxe5 Nc6 44. Bc3 Nd8 45. Kd3 Nf7 46. Ke4 Ng5+ 47. Kd5
Nxh3 48. Kxc5 h5 49. Kb6 Nf4 50. Bd2 Nd3 51. c5 Kd7 52. c6+ Kc8 53. f6 Ne5 54.
Bf4 Ng6 55. f7 1-0

[Event "22nd ch-EUR Indiv 2022"]
[Site "Terme Catez SLO"]
[Date "2022.04.05"]
[Round "10.45"]
[White "Nesterov, Arseniy"]
[Black "Ibrahimli, Murad"]
[Result "1-0"]
[WhiteTitle "GM"]
[BlackTitle "IM"]
[WhiteElo "2522"]
[BlackElo "2432"]
[WhiteFideId "24198455"]
[BlackFideId "13410229"]
[EventDate "2022.03.27"]

1. d4 Nf6 2. c4 e6 3. Nf3 d5 4. g3 Bb4+ 5. Bd2 Be7 6. Bg2 O-O 7. O-O c6 8. Qc2
b6 9. Rd1 Bb7 10. Bf4 Nbd7 11. Nc3 Rc8 12. Ne5 Nh5 13. Bc1 Nxe5 14. dxe5 g6 15.
Bh6 Ng7 16. Qa4 Qc7 17. cxd5 cxd5 18. Rac1 Qb8 19. e4 Bc6 20. Qa6 Bb7 21. Qe2
dxe4 22. Bxe4 Bxe4 23. Qxe4 Rfd8 24. g4 Ne8 25. Qf4 Rxd1+ 26. Rxd1 Rd8 27. Rxd8
Qxd8 28. Ne4 Qd1+ 29. Kg2 Nc7 30. Nf6+ Bxf6 31. exf6 Qd8 32. Bg7 Ne8 33. Bh6
Nxf6 34. f3 Ne8 35. Qa4 a5 36. Qc6 Nf6 37. Qc3 Ne8 38. Qe5 Qd6 39. Qb5 Nc7 40.
Qc4 e5 41. a4 Qd8 42. Qc3 f6 43. Qc6 Kf7 44. Qxb6 g5 45. Qxa5 Kg6 46. Bf8 Qd3
47. Kg3 Qf1 48. Bc5 Ne6 49. Qa8 Ng7 50. h4 gxh4+ 51. Kxh4 Qh1+ 52. Kg3 h5 53.
Qe4+ Kf7 54. gxh5 Nxh5+ 55. Kf2 Qh2+ 56. Ke1 Qxb2 57. Qc4+ 1-0

[Event "22nd ch-EUR Indiv 2022"]
[Site "Terme Catez SLO"]
[Date "2022.04.05"]
[Round "10.46"]
[White "Moiseenko, Alexander"]
[Black "Samadov, Read"]
[Result "1/2-1/2"]
[WhiteTitle "GM"]
[BlackTitle "FM"]
[WhiteElo "2602"]
[BlackElo "2375"]
[WhiteFideId "14102560"]
[BlackFideId "13417444"]
[EventDate "2022.03.27"]

1. d4 Nf6 2. c4 e6 3. Nf3 d5 4. Nc3 Bb4 5. Qb3 c5 6. dxc5 Nc6 7. Bg5 dxc4 8.
Qxc4 Qa5 9. Bxf6 gxf6 10. Rc1 Qxc5 11. Qh4 Ke7 12. g3 Bxc3+ 13. Rxc3 Qb6 14. Nd2
Qxb2 15. Ne4 Qb1+ 16. Kd2 Rd8+ 17. Ke3 Qb6+ 18. Kf3 Nd4+ 19. Kg2 e5 20. e3 Nf5
21. Qh5 Ng7 22. Qf3 f5 23. Nc5 Ne6 24. Nxe6 Bxe6 25. Bc4 Qc6 26. Qxc6 bxc6 27.
Bxe6 fxe6 28. Rxc6 Rab8 29. Rhc1 Rb2 30. R1c2 Rxc2 31. Rxc2 Rd7 32. Rc5 e4 33.
Ra5 Kf6 34. a4 Rc7 35. h3 h5 36. Kf1 Rb7 37. Kg2 Rc7 38. Kf1 Rb7 1/2-1/2

[Event "22nd ch-EUR Indiv 2022"]
[Site "Terme Catez SLO"]
[Date "2022.04.05"]
[Round "10.47"]
[White "Barbot, Pierre1"]
[Black "Korobov, Anton"]
[Result "0-1"]
[WhiteTitle "IM"]
[BlackTitle "GM"]
[WhiteElo "2455"]
[BlackElo "2695"]
[WhiteFideId "663727"]
[BlackFideId "14105730"]
[EventDate "2022.03.27"]

1. d4 Nf6 2. c4 g6 3. Nc3 Bg7 4. e4 d6 5. Nf3 O-O 6. h3 c6 7. Bg5 Na6 8. e5 dxe5
9. dxe5 Nd7 10. e6 fxe6 11. Be2 Nac5 12. O-O e5 13. Be3 Ne6 14. Ng5 Nf6 15. Nxe6
Bxe6 16. Qa4 Qe8 17. Rad1 g5 18. c5 h6 19. Bc4 Qf7 20. Bxe6 Qxe6 21. Rd2 g4 22.
hxg4 Nxg4 23. Qb3 Qxb3 24. axb3 Kf7 25. Rd7 Rab8 26. Ne4 Rfd8 27. Rfd1 Rxd7 28.
Rxd7 Nf6 29. Nxf6 Kxf6 30. Kf1 Ke6 31. Rd1 h5 32. Ke2 Bf6 33. Rh1 h4 34. Ra1 Rg8
35. Kf1 Rg4 36. Rxa7 Rb4 37. Ra3 Rb5 38. Ke2 e4 39. Kd2 Bxb2 40. Ra4 Bf6 41. Kc2
Kf5 42. Ra8 Bg5 43. Bd4 e5 44. Rf8+ Kg4 45. f3+ exf3 46. gxf3+ Kh3 47. Bxe5
Rxc5+ 48. Bc3 Bh6 49. Rf7 Kg2 50. Rh7 Rh5 51. Ba5 Rxa5 52. Rxh6 h3 53. f4 h2 54.
Rg6+ Kf3 55. Rh6 Ra1 0-1

[Event "22nd ch-EUR Indiv 2022"]
[Site "Terme Catez SLO"]
[Date "2022.04.05"]
[Round "10.49"]
[White "Ivanisevic, Ivan"]
[Black "Stoyanov, Tsvetan"]
[Result "0-1"]
[WhiteTitle "GM"]
[BlackTitle "IM"]
[WhiteElo "2601"]
[BlackElo "2424"]
[WhiteFideId "912417"]
[BlackFideId "2917173"]
[EventDate "2022.03.27"]

1. d4 d5 2. c4 e6 3. Nf3 Nf6 4. g3 Be7 5. Bg2 O-O 6. O-O c6 7. Nc3 Nbd7 8. Qd3
b6 9. b3 Ba6 10. Rd1 Rc8 11. e4 dxe4 12. Nxe4 c5 13. dxc5 Nxe4 14. Qxe4 Nxc5 15.
Qe2 Qe8 16. Ne5 f6 17. Nd3 Rd8 18. Nb2 Rxd1+ 19. Nxd1 Qd7 20. Ba3 Rd8 21. Nc3
Qd2 22. Re1 Qxc3 23. Bxc5 Bxc5 24. Qxe6+ Kh8 25. Bd5 Rf8 26. Kg2 Bc8 27. Qe8 g6
28. Qxf8+ Bxf8 29. Re8 Kg7 30. Rxc8 Qe5 31. Ra8 Bc5 32. Rxa7+ Kh6 33. b4 Bxb4
34. Bg8 Qe4+ 35. Kh3 Qf3 36. Rxh7+ Kg5 37. Rh4 Qxf2 38. Rg4+ Kh6 39. Rf4 Qe2 40.
Bd5 f5 41. Rf3 Bc5 0-1

[Event "22nd ch-EUR Indiv 2022"]
[Site "Terme Catez SLO"]
[Date "2022.04.05"]
[Round "10.50"]
[White "Stevic, Hrvoje"]
[Black "Maksimovic, Bojan"]
[Result "1-0"]
[WhiteTitle "GM"]
[BlackTitle "IM"]
[WhiteElo "2587"]
[BlackElo "2455"]
[WhiteFideId "14502569"]
[BlackFideId "14408120"]
[EventDate "2022.03.27"]

1. e4 e5 2. Nf3 Nf6 3. Nxe5 d6 4. Nf3 Nxe4 5. d3 Nf6 6. d4 g6 7. Bc4 Bg7 8. Qe2+
Qe7 9. Qxe7+ Kxe7 10. O-O Be6 11. Re1 Kd7 12. Bb5+ Nc6 13. Ng5 a6 14. Nxe6 fxe6
15. Bxc6+ bxc6 16. c3 Nd5 17. Nd2 a5 18. a4 Nb6 19. f4 Rhf8 20. Nf3 Rab8 21. Re2
Bf6 22. g3 Nc4 23. Kg2 Be7 24. Ra2 Rf5 25. Be3 Nxe3+ 26. Rxe3 h6 27. h3 g5 28.
fxg5 hxg5 29. Re2 Rbf8 30. Nh2 c5 31. dxc5 Rxc5 32. Ra1 Rc4 33. Nf1 Rc5 34. Rd1
Rcf5 35. Nh2 d5 36. Rd3 Bc5 37. Rf3 c6 38. Rxf5 Rxf5 39. Nf3 Be7 40. Nd4 Rf6 41.
Nb3 Bd8 42. Rf2 Rxf2+ 43. Kxf2 Kd6 44. Kf3 e5 45. Kg4 c5 46. h4 gxh4 47. gxh4 c4
48. Nd2 Bb6 49. Nf1 Ke6 50. h5 Kf6 51. h6 Bf2 52. Kf3 Bc5 53. Nh2 e4+ 54. Ke2
Bf8 55. Ng4+ Kf5 56. h7 Bg7 57. Ne3+ Ke5 58. Nc2 Kf5 59. Ne3+ Ke5 60. Kf2 Bh8
61. Kg3 d4 62. Nxc4+ Kd5 63. Nxa5 dxc3 64. bxc3 Bxc3 65. Nb3 Ke6 66. Kf4 Kf7 67.
a5 1-0